000 00733nam a2200169 a 4500
008 060426s2006 ||||||||||||||||| || u
050 _aIBRD(08)PRWP/3853
100 _aGross, Dominique M
245 1 0 _aImmigration policy and Foreign population in Switzerland
_cby Dominique M. Gross
260 _aWashington, D. C.
_bWorld Bank
_c2006
300 _a57p.; ill.
350 _a0.00
490 _aWorld Bank policy research working papers
650 _aPOPULATION POLICY--SWITZERLAND
650 _aEMIGRATION AND IMMIGRATION - SOCIALlASPECTS--SWITZERLAND
995 _D0.00
_FCBU-MAIN LIBRARY (Kitwe)
_H1
_I0.00
_M1
_UAVAILABLE
_WApr 26, 2006
_ZInternational Publications
999 _c46202
_d46202